K-Pop boybands - Statistics

General Stats
  • This quiz has been taken 2,035 times
  • The average score is 10 of 30
Answer Stats
Answer % Correct
EXO
88%
BigBang
77%
Super Junior
74%
SHINee
71%
2PM
52%
TVXQ
50%
BtoB
48%
2AM
47%
VIXX
46%
B.A.P
44%
Infinite
42%
Block B
41%
Beast
37%
CN Blue
31%
Shinhwa
30%
Nu'est
28%
B1A4
26%
FT Island
26%
U-kiss
26%
Boyfriend
25%
Teen Top
25%
SS501
13%
100%
11%
C-Clown
5%
Myname
4%
Tasty
4%
Bigstar
3%
LEDapple
3%
M.I.B
2%
Wonderboyz
2%
No matching quizzes found
Score Distribution
Percent of People with Each Score
Percentile by Number Answered
Your Score History
You have not taken this quiz